00836nam a2200181 a 450000100100000000500170001000800410002704000250006808200160009310000520010924500720016126000660023330000200029950001280031904900090044795201810045699900170063700003265720200930065747.0110725s1928 dr 000 0 spa d aDO-SdBNPbspacBNPHU axxxxbL215t1 aLamarche García Henríquez, Carlos M.95854313aLa teoría de la causa /cCarlos M. Lamarche García Henríquez. aSanto Domingo :bImp. de J. R. Vda. Garcia, Sucesores,c1928. a49 p. ;c23 cm. aTesis para optar por el grado de doctorado en licenciado en derecho de la Universidad de Santo Domingo, Facultad de Derecho aBNPD 0010718PDaPDbPDcCTd2011-07-25iLF1l0oxxxx L215tp32657-10r2020-06-25w2020-06-25yLFPDzPerteneció a la biblioteca personal de Carlos Larrazabal BlancoZNo se presta c32148d32148